Ч. 1: Основы построения PDH; Телекоммуникационные системы передачи PDH и SDH

Bibliografiske detaljer
Parent link:Телекоммуникационные системы передачи PDH и SDH: учебное пособие: в 2 ч./ Г. Н. Попов; Сибирский государственный университет телекоммуникаций и информатики, Межрегиональный центр переподготовки специалистов. Ч. 1: Основы построения PDH.— 2-е изд., испр. и доп..— , 2006
Summary:В учебном пособии изложены основы построения телекоммуникацинных систем передачи плезиохронной (PDH) - часть I и синхронной (SDH) - часть II цифровых иерархий с учетом их общих принципов функционирования, как систем передачи с импульсно-кодовой модуляцией (ИКМ). Во второй части рассматриваются особенности построения систем передачи SDH с оптическим интерфейсом при работе по волоконно-оптическим кабелям связи. В десятой главе, написанной совместно с Неудачиной О.И., рассматриваются функции и назначение систем передачи PDH и SDH в структуре ЕСЭ. Учебное пособие предназначено для слушателей курса "Основы построения и технической эксплуатации мультиплексорного оборудования PDH и SDH с оптическими и электрическими интерфейсами" (Т 2209) Межрегионального учебного центра по переподготовке специалистов, а также для студентов факультета "Многоканальной электросвязи" (специальность 201000) по дисциплине "Многоканальные телекоммуникационные системы".
Sprog:russisk
Udgivet: 2006
Fag:
Format: MixedMaterials Bog
KOHA link:https://koha.lib.tpu.ru/cgi-bin/koha/opac-detail.pl?biblionumber=202522

MARC

LEADER 00000nam2a2200000 4500
001 202522
005 20231101225110.0
035 |a (RuTPU)RU\TPU\book\220684 
090 |a 202522 
100 |a 20111014d2006 m y0rusy50 ca 
101 0 |a rus 
102 |a RU 
105 |a a j 001zy 
200 0 |a Ч. 1: Основы построения PDH 
210 |d 2006 
215 |a 262 с.  |c ил. 
320 |a Библиогр.: с. 260-261. 
330 |a В учебном пособии изложены основы построения телекоммуникацинных систем передачи плезиохронной (PDH) - часть I и синхронной (SDH) - часть II цифровых иерархий с учетом их общих принципов функционирования, как систем передачи с импульсно-кодовой модуляцией (ИКМ). Во второй части рассматриваются особенности построения систем передачи SDH с оптическим интерфейсом при работе по волоконно-оптическим кабелям связи. В десятой главе, написанной совместно с Неудачиной О.И., рассматриваются функции и назначение систем передачи PDH и SDH в структуре ЕСЭ. Учебное пособие предназначено для слушателей курса "Основы построения и технической эксплуатации мультиплексорного оборудования PDH и SDH с оптическими и электрическими интерфейсами" (Т 2209) Межрегионального учебного центра по переподготовке специалистов, а также для студентов факультета "Многоканальной электросвязи" (специальность 201000) по дисциплине "Многоканальные телекоммуникационные системы". 
461 1 |0 (RuTPU)RU\TPU\book\220949  |t Телекоммуникационные системы передачи PDH и SDH  |o учебное пособие: в 2 ч.  |f Г. Н. Попов  |g Сибирский государственный университет телекоммуникаций и информатики, Межрегиональный центр переподготовки специалистов  |v Ч. 1: Основы построения PDH  |e 2-е изд., испр. и доп.  |d 2006 
606 1 |a Электрическая связь, цифровая  |2 stltpush  |3 (RuTPU)RU\TPU\subj\26872  |9 50707 
610 1 |a история 
610 1 |a аналоговые сигналы 
610 1 |a цифровая передача 
610 1 |a канальные сигналы 
610 1 |a формирование 
610 1 |a PDH 
610 1 |a телекоммуникационные системы 
610 1 |a построение 
610 1 |a цифровые линейные тракты 
610 1 |a организация 
610 1 |a иерархия 
610 1 |a цифровые потоки 
610 1 |a мультиплексирование 
610 1 |a демультиплексирование 
610 1 |a технология 
610 1 |a абонентские линии 
610 1 |a учебные пособия 
675 |a 621.39.037(075.8)  |v 3 
801 1 |a RU  |b 63413507  |c 20111014 
801 2 |a RU  |b 63413507  |c 20111024  |g RCR 
900 |a Телекоммуникационные системы и технологии 
942 |c BK